000
00216 a2200097 4500
001
37469
100
_a
Eliot T S
245
_a
Murder in the cathedral
260
_a
Delhi
_b
Surjeet Publish
_c
090
_c
23934
_d
23934
942
_a
NUST-CAE
_c
M
_c
15485
999
_c
272542
_d
272542